[Event "8e Open de Porticcio"]
[Site "?"]
[Date "2023.07.05"]
[Round "7.3"]
[White "Rakotomaharo, Fy Antenaina"]
[Black "Fedorchuk, Sergey A."]
[Result "1/2-1/2"]
[BlackElo "2589"]
[WhiteElo "2463"]
[LiveChessVersion "1.4.6"]

1. d4 {[%clk 1:30:57]} Nf6 {[%clk 1:28:07]} 2. Nf3 {[%clk 1:31:18]} e6
{[%clk 1:27:15]} 3. Bg5 {[%clk 1:31:22]} h6 {[%clk 1:26:01]} 4. Bh4
{[%clk 1:31:40]} c5 {[%clk 1:22:38]} 5. e3 {[%clk 1:31:43]} b6 {[%clk 1:21:58]}
6. Nbd2 {[%clk 1:31:20]} cxd4 {[%clk 1:19:33]} 7. exd4 {[%clk 1:31:43]} Be7
{[%clk 1:19:52]} 8. c3 {[%clk 1:31:43]} Ba6 {[%clk 1:14:58]} 9. Bxa6
{[%clk 1:26:31]} Nxa6 {[%clk 1:15:09]} 10. O-O {[%clk 1:26:50]} Nc7
{[%clk 1:14:43]} 11. Re1 {[%clk 1:24:29]} O-O {[%clk 1:14:06]} 12. Nc4
{[%clk 1:24:16]} Nfd5 {[%clk 1:09:18]} 13. Bxe7 {[%clk 1:21:40]} Qxe7
{[%clk 1:09:05]} 14. a4 {[%clk 1:21:42]} a6 {[%clk 1:08:28]} 15. Qd2
{[%clk 1:20:09]} b5 {[%clk 1:06:04]} 16. axb5 {[%clk 1:20:06]} axb5
{[%clk 1:06:27]} 17. Ne3 {[%clk 1:20:16]} d6 {[%clk 1:02:06]} 18. Rec1
{[%clk 1:04:13]} Qd7 {[%clk 0:58:44]} 19. Ne1 {[%clk 1:03:08]} Nb6
{[%clk 0:55:28]} 20. Nd3 {[%clk 1:00:47]} Ncd5 {[%clk 0:55:25]} 21. Nxd5
{[%clk 1:00:36]} Nxd5 {[%clk 0:55:28]} 22. Nf4 {[%clk 1:00:04]} Nxf4
{[%clk 0:52:16]} 23. Qxf4 {[%clk 1:00:28]} Qc6 {[%clk 0:52:42]} 24. h3
{[%clk 0:59:28]} Qd5 {[%clk 0:51:32]} 25. Kh2 {[%clk 0:54:09]} Rfc8
{[%clk 0:49:25]} 26. Kg1 {[%clk 0:52:09]} Rd8 {[%clk 0:45:38]} 27. Kh2
{[%clk 0:51:28]} Rdc8 {[%clk 0:29:52]} 28. Kg1 {[%clk 0:51:32]} Rd8
{[%clk 0:29:29]} 29. Kh2 {[%clk 0:51:55]} Rdc8 {[%clk 0:29:54]} 30. Kg1 1/2-1/2

[Event "8e Open de Porticcio"]
[Site "?"]
[Date "2023.07.05"]
[Round "7.4"]
[White "Krasenkow, Michal"]
[Black "Cappelletto, Joshuaede"]
[Result "1-0"]
[BlackElo "2286"]
[WhiteElo "2524"]
[LiveChessVersion "1.4.6"]

1. Nf3 {[%clk 1:30:47]} c5 {[%clk 1:30:41]} 2. c4 {[%clk 1:31:12]} Nc6
{[%clk 1:31:06]} 3. d4 {[%clk 1:31:38]} cxd4 {[%clk 1:31:31]} 4. Nxd4
{[%clk 1:32:04]} Nf6 {[%clk 1:31:57]} 5. Nc3 {[%clk 1:32:26]} e6 {[%clk 1:32:21]}
6. a3 {[%clk 1:32:39]} Be7 {[%clk 1:31:08]} 7. e4 {[%clk 1:33:02]} O-O
{[%clk 1:31:12]} 8. Nf3 {[%clk 1:33:24]} Qc7 {[%clk 1:29:23]} 9. g3
{[%clk 1:33:11]} d6 {[%clk 1:25:43]} 10. Bf4 {[%clk 1:31:09]} Ne5
{[%clk 1:22:40]} 11. Nd2 {[%clk 1:27:32]} Bd7 {[%clk 1:13:10]} 12. Rc1
{[%clk 1:25:51]} Bc6 {[%clk 1:11:44]} 13. Be2 {[%clk 1:23:00]} Ng6
{[%clk 1:05:15]} 14. Be3 {[%clk 1:20:12]} Qd7 {[%clk 1:04:54]} 15. O-O
{[%clk 1:05:19]} d5 {[%clk 1:04:40]} 16. cxd5 {[%clk 1:03:26]} exd5
{[%clk 1:04:56]} 17. exd5 {[%clk 1:00:29]} Nxd5 {[%clk 1:05:06]} 18. Nxd5
{[%clk 1:00:53]} Bxd5 {[%clk 1:05:29]} 19. Bg4 {[%clk 0:59:12]} Be6
{[%clk 1:01:46]} 20. Bxe6 {[%clk 0:58:55]} Qxe6 {[%clk 1:02:08]} 21. Rc7
{[%clk 0:56:15]} Qd5 {[%clk 0:46:41]} 22. Qf3 {[%clk 0:54:43]} Qxf3
{[%clk 0:46:17]} 23. Nxf3 {[%clk 0:55:11]} Rfb8 {[%clk 0:44:52]} 24. Rd1
{[%clk 0:34:00]} Bd8 {[%clk 0:44:37]} 25. Rcd7 {[%clk 0:33:40]} Nf8
{[%clk 0:44:28]} 26. Bxa7 {[%clk 0:33:46]} Nxd7 {[%clk 0:44:50]} 27. Bxb8
{[%clk 0:34:10]} Rxb8 {[%clk 0:45:08]} 28. Rxd7 {[%clk 0:34:38]} Bf6
{[%clk 0:45:30]} 29. b3 {[%clk 0:29:25]} g6 {[%clk 0:44:59]} 30. Nd4
{[%clk 0:27:23]} Kf8 {[%clk 0:42:04]} 31. Nb5 {[%clk 0:27:41]} Be7
{[%clk 0:42:27]} 32. a4 {[%clk 0:26:58]} Ke8 {[%clk 0:42:09]} 33. Rc7
{[%clk 0:25:42]} b6 {[%clk 0:42:29]} 34. Kf1 {[%clk 0:25:30]} Rd8
{[%clk 0:41:57]} 35. Ke2 {[%clk 0:24:30]} Rd5 {[%clk 0:40:06]} 36. f4
{[%clk 0:22:17]} Kf8 {[%clk 0:40:18]} 37. Rc6 {[%clk 0:20:32]} Bc5
{[%clk 0:37:34]} 38. Nc3 {[%clk 0:20:45]} Rf5 {[%clk 0:37:01]} 39. a5
{[%clk 0:13:40]} Bb4 {[%clk 0:37:13]} 40. axb6 {[%clk 0:13:41]} Bxc3
{[%clk 0:37:35]} 41. b7 {[%clk 0:14:05]} 1-0

[Event "8e Open de Porticcio"]
[Site "?"]
[Date "2023.07.05"]
[Round "7.5"]
[White "Lamaze, Simon"]
[Black "Nevednichy, Vladislav"]
[Result "1/2-1/2"]
[BlackElo "2453"]
[WhiteElo "2388"]
[LiveChessVersion "1.4.6"]

1. d4 {[%clk 1:30:59]} d5 {[%clk 1:30:40]} 2. c4 {[%clk 1:31:22]} e6
{[%clk 1:30:48]} 3. Nf3 {[%clk 1:31:45]} Nf6 {[%clk 1:31:03]} 4. g3
{[%clk 1:32:12]} Bb4+ {[%clk 1:31:23]} 5. Nbd2 {[%clk 1:32:38]} O-O
{[%clk 1:31:37]} 6. Bg2 {[%clk 1:33:04]} b6 {[%clk 1:31:42]} 7. Ne5
{[%clk 1:33:16]} Bb7 {[%clk 1:31:56]} 8. O-O {[%clk 1:33:41]} Qc8
{[%clk 1:31:57]} 9. cxd5 {[%clk 1:33:50]} Bxd5 {[%clk 1:32:08]} 10. Bxd5
{[%clk 1:34:14]} Nxd5 {[%clk 1:20:20]} 11. Ndc4 {[%clk 1:34:28]} Qb7
{[%clk 1:11:51]} 12. Qc2 {[%clk 1:34:13]} Be7 {[%clk 1:10:51]} 13. e4
{[%clk 1:18:37]} Nf6 {[%clk 1:06:17]} 14. f3 {[%clk 1:17:20]} c5 {[%clk 1:01:30]}
15. dxc5 {[%clk 1:16:42]} Bxc5+ {[%clk 1:01:44]} 16. Be3 {[%clk 1:17:07]} Bxe3+
{[%clk 1:01:16]} 17. Nxe3 {[%clk 1:16:35]} Rc8 {[%clk 1:00:31]} 18. Qd2
{[%clk 1:16:43]} Nc6 {[%clk 0:58:00]} 19. Nxc6 {[%clk 1:16:44]} Rxc6
{[%clk 0:56:17]} 20. Rac1 {[%clk 1:13:26]} Rac8 {[%clk 0:55:58]} 21. Rfd1
{[%clk 1:13:19]} h6 {[%clk 0:53:53]} 22. Kg2 {[%clk 1:12:35]} Rxc1
{[%clk 0:50:22]} 23. Rxc1 {[%clk 1:12:58]} Rxc1 {[%clk 0:50:49]} 24. Qxc1
{[%clk 1:13:23]} Qa6 {[%clk 0:51:11]} 25. Qc4 {[%clk 1:13:36]} Qa5
{[%clk 0:51:04]} 26. Qc8+ {[%clk 1:08:14]} Kh7 {[%clk 0:51:29]} 27. Qc2
{[%clk 1:08:41]} Kg8 {[%clk 0:51:11]} 28. Qc8+ {[%clk 1:09:07]} Kh7
{[%clk 0:51:38]} 29. Qc2 {[%clk 1:09:34]} Kg8 {[%clk 0:52:04]} 30. Qc8+
{[%clk 1:10:02]} 1/2-1/2

[Event "8e Open de Porticcio"]
[Site "?"]
[Date "2023.07.05"]
[Round "7.6"]
[White "Gatineau, Yovann"]
[Black "Can, Isik"]
[Result "1/2-1/2"]
[BlackElo "2512"]
[WhiteElo "2367"]
[LiveChessVersion "1.4.6"]

1. d4 {[%clk 1:30:57]} Nf6 {[%clk 1:29:52]} 2. c4 {[%clk 1:31:04]} g6
{[%clk 1:30:15]} 3. Nc3 {[%clk 1:31:26]} d5 {[%clk 1:30:43]} 4. cxd5
{[%clk 1:31:40]} Nxd5 {[%clk 1:31:08]} 5. e4 {[%clk 1:31:56]} Nxc3
{[%clk 1:31:33]} 6. bxc3 {[%clk 1:32:23]} Bg7 {[%clk 1:31:57]} 7. Nf3
{[%clk 1:32:20]} c5 {[%clk 1:32:22]} 8. Be3 {[%clk 1:32:42]} Bg4 {[%clk 1:32:21]}
9. Rc1 {[%clk 1:32:16]} O-O {[%clk 1:32:29]} 10. Qd2 {[%clk 1:29:05]} Qa5
{[%clk 1:29:08]} 11. d5 {[%clk 1:28:31]} Nd7 {[%clk 1:21:27]} 12. c4
{[%clk 1:27:41]} Qa3 {[%clk 1:20:56]} 13. Be2 {[%clk 1:25:29]} Nf6
{[%clk 1:02:54]} 14. Qc2 {[%clk 1:17:46]} Qa5+ {[%clk 1:03:06]} 15. Bd2
{[%clk 1:15:23]} Qc7 {[%clk 1:03:33]} 16. O-O {[%clk 1:13:33]} e5
{[%clk 1:02:21]} 17. Kh1 {[%clk 1:09:04]} Ne8 {[%clk 1:00:22]} 18. Ng1
{[%clk 1:07:09]} Bd7 {[%clk 1:00:45]} 19. f4 {[%clk 1:04:45]} f5 {[%clk 1:01:13]}
20. exf5 {[%clk 1:00:29]} Bxf5 {[%clk 1:01:05]} 21. Bd3 {[%clk 1:00:31]} Nd6
{[%clk 1:00:33]} 22. fxe5 {[%clk 0:59:46]} Bxe5 {[%clk 0:57:50]} 23. Nf3
{[%clk 0:59:33]} Bf6 {[%clk 0:53:36]} 24. Rce1 {[%clk 0:53:40]} Qd7
{[%clk 0:50:31]} 25. Bg5 {[%clk 0:38:27]} Rae8 {[%clk 0:40:26]} 26. Bxf5
{[%clk 0:31:30]} Nxf5 {[%clk 0:34:21]} 27. Bxf6 {[%clk 0:30:41]} Rxf6
{[%clk 0:34:27]} 28. Qc3 {[%clk 0:27:40]} Rff8 {[%clk 0:32:59]} 29. Ng5
{[%clk 0:24:29]} Nd4 {[%clk 0:29:38]} 30. h3 {[%clk 0:24:09]} Rxf1+
{[%clk 0:26:00]} 31. Rxf1 {[%clk 0:24:37]} Qe7 {[%clk 0:26:10]} 32. Qg3
{[%clk 0:21:25]} Nf5 {[%clk 0:08:41]} 33. Qf4 {[%clk 0:20:38]} Rf8
{[%clk 0:08:29]} 34. Ne6 {[%clk 0:13:02]} Ng3+ {[%clk 0:08:55]} 35. Qxg3
{[%clk 0:13:27]} Rxf1+ {[%clk 0:09:23]} 36. Kh2 {[%clk 0:13:48]} Rf6
{[%clk 0:08:17]} 37. Qb8+ {[%clk 0:06:16]} Kf7 {[%clk 0:08:45]} 38. Ng5+
{[%clk 0:04:35]} Kg7 {[%clk 0:09:03]} 39. Ne6+ {[%clk 0:05:01]} Rxe6
{[%clk 0:07:46]} 40. dxe6 {[%clk 0:05:29]} Kf6 {[%clk 0:07:56]} 41. Qxa7
{[%clk 0:05:06]} Kxe6 {[%clk 0:08:24]} 42. Qa3 {[%clk 0:04:40]} Qd6+
{[%clk 0:07:11]} 43. Kh1 {[%clk 0:05:08]} Qd1+ {[%clk 0:06:44]} 44. Kh2
{[%clk 0:05:36]} Qd4 {[%clk 0:05:32]} 45. Qb3 {[%clk 0:05:27]} Ke5
{[%clk 0:04:42]} 46. a4 {[%clk 0:04:34]} Qf4+ {[%clk 0:04:21]} 47. Kh1
{[%clk 0:04:56]} Qc1+ {[%clk 0:04:01]} 48. Kh2 {[%clk 0:05:24]} Qf4+
{[%clk 0:04:29]} 49. Kh1 {[%clk 0:05:48]} Qe4 {[%clk 0:03:54]} 50. Qc3+
{[%clk 0:06:06]} Kd6 {[%clk 0:02:58]} 51. Qf6+ {[%clk 0:04:04]} Qe6
{[%clk 0:03:08]} 52. Qf8+ {[%clk 0:03:48]} Kc6 {[%clk 0:03:07]} 53. Qf3+
{[%clk 0:04:13]} Kb6 {[%clk 0:03:28]} 54. Qb3+ Ka7 55. Qc3 {[%clk 0:03:12]} Qb6
{[%clk 0:02:49]} 56. h4 {[%clk 0:00:43]} Qb4 {[%clk 0:02:39]} 57. Qc1
{[%clk 0:00:42]} Qxa4 {[%clk 0:02:08]} 58. Kh2 {[%clk 0:00:59]} Ka6
{[%clk 0:02:01]} 59. g4 {[%clk 0:01:02]} b5 {[%clk 0:01:34]} 60. cxb5+
{[%clk 0:01:22]} Kxb5 {[%clk 0:02:02]} 61. Qb1+ {[%clk 0:00:34]} Kc6
{[%clk 0:02:32]} 62. Qh1+ {[%clk 0:00:33]} Kb6 {[%clk 0:01:26]} 63. Qf3
{[%clk 0:00:42]} Qc2+ {[%clk 0:01:34]} 64. Kg3 {[%clk 0:01:06]} c4
{[%clk 0:01:47]} 65. Kf4 {[%clk 0:00:51]} c3 {[%clk 0:00:46]} 66. Qe3+
{[%clk 0:00:57]} Kb5 {[%clk 0:01:09]} 67. Qe5+ {[%clk 0:00:36]} Ka4
{[%clk 0:01:19]} 68. Qd4+ {[%clk 0:00:45]} Kb3 {[%clk 0:01:33]} 69. Ke3
{[%clk 0:00:47]} Qc1+ {[%clk 0:01:22]} 70. Ke2 {[%clk 0:01:12]} Qb2+
{[%clk 0:01:50]} 71. Ke3 {[%clk 0:01:15]} Ka2 {[%clk 0:01:53]} 72. Qa4+
{[%clk 0:00:32]} Kb1 {[%clk 0:01:50]} 73. Qe4+ {[%clk 0:00:53]} c2
{[%clk 0:01:21]} 74. Kd2 {[%clk 0:00:55]} Qc1+ {[%clk 0:01:45]} 75. Kc3
{[%clk 0:01:14]} Qa3+ {[%clk 0:02:09]} 76. Kd2 {[%clk 0:01:39]} Qd6+
{[%clk 0:01:47]} 77. Ke3 {[%clk 0:01:10]} Qg3+ {[%clk 0:01:51]} 78. Ke2
{[%clk 0:01:21]} Qh2+ {[%clk 0:01:45]} 79. Ke3 {[%clk 0:01:06]} Kc1
{[%clk 0:01:05]} 80. Kd3 {[%clk 0:00:33]} Qd2+ {[%clk 0:00:42]} 81. Kc4
{[%clk 0:01:02]} Qa5 {[%clk 0:00:37]} 82. Qe3+ {[%clk 0:00:39]} Qd2
{[%clk 0:00:56]} 83. Qg1+ {[%clk 0:00:57]} Kb2 {[%clk 0:01:18]} 84. Qb6+
{[%clk 0:01:18]} Ka1 {[%clk 0:01:31]} 85. Qa7+ {[%clk 0:01:39]} Kb1
{[%clk 0:02:00]} 86. Qb6+ {[%clk 0:02:03]} Kc1 {[%clk 0:02:24]} 87. Qg1+
{[%clk 0:02:27]} Qd1 {[%clk 0:02:42]} 88. Qe3+ {[%clk 0:02:53]} Qd2 89. Qg1+
{[%clk 0:02:53]} Qd1 90. Qe3+ {[%clk 0:02:53]} 1/2-1/2

[Event "8e Open de Porticcio"]
[Site "?"]
[Date "2023.07.05"]
[Round "7.7"]
[White "Razafindratsima, Timothe"]
[Black "Anwesh, Upadhyaya"]
[Result "0-1"]
[BlackElo "2356"]
[WhiteElo "2446"]
[LiveChessVersion "1.4.6"]

1. e4 e5 2. Nf3 Nf6 3. Nxe5 d6 4. Nf3 Nxe4 5. Nc3 Nxc3 6. dxc3 Be7 7. Be3 Nc6 8.
Qd2 Be6 9. O-O-O Qd7 10. Kb1 a6 11. Ng5 Bxg5 12. Bxg5 f6 13. Bf4 O-O-O 14. h4
Rhe8 15. h5 Re7 16. Rh4 Rde8 17. Bg3 g5 18. hxg6 hxg6 19. b3 Bf5 20. f3 g5 21.
Ra4 Re3 22. Kb2 Qh7 23. Bf2 R3e5 24. g4 Bd7 25. Bd3 Qh3 26. f4 gxf4 27. Qxf4 Nb8
28. Bf1 Qh8 29. Rc4 Be6 30. Rcd4 Nc6 31. Ra4 Rg5 32. Qg3 Qg7 33. Re1 Ne5 34. Be2
Rg8 35. Qe3 Bxg4 36. Qa7 Bxe2 37. Rxe2 c5 38. b4 Qd7 39. Rxe5 fxe5 40. Ra5 Qc7
41. Bxc5 e4 42. Be3 Rxa5 43. bxa5 Re8 44. Qd4 Qc5 45. Kb3 Qxd4 46. cxd4 d5 47. c4
Rf8 48. Bh6 Rf3+ 49. Kb4 e3 50. Kc3 dxc4 51. Kc2 Kd7 52. Kd1 c3 0-1

[Event "8e Open de Porticcio"]
[Site "?"]
[Date "2023.07.05"]
[Round "7.8"]
[White "Collutiis, Duilio"]
[Black "Msellek, Ilyass"]
[Result "0-1"]
[BlackElo "2417"]
[WhiteElo "2341"]
[LiveChessVersion "1.4.6"]

1. d4 {[%clk 1:30:46]} d5 {[%clk 1:30:45]} 2. c4 {[%clk 1:30:53]} e6
{[%clk 1:31:08]} 3. Nc3 {[%clk 1:31:01]} a6 {[%clk 1:29:47]} 4. cxd5
{[%clk 1:29:57]} exd5 {[%clk 1:30:12]} 5. Bf4 {[%clk 1:30:21]} Nf6
{[%clk 1:30:08]} 6. e3 {[%clk 1:30:34]} Bd6 {[%clk 1:30:29]} 7. Bg5
{[%clk 1:25:55]} c6 {[%clk 1:27:14]} 8. Bd3 {[%clk 1:25:17]} O-O {[%clk 1:26:11]}
9. Qc2 {[%clk 1:25:24]} h6 {[%clk 1:26:24]} 10. Bh4 {[%clk 1:25:20]} Nbd7
{[%clk 1:25:04]} 11. Nge2 {[%clk 1:23:41]} Re8 {[%clk 1:23:38]} 12. h3
{[%clk 1:21:30]} Be7 {[%clk 1:09:29]} 13. f3 {[%clk 1:11:10]} c5 {[%clk 1:08:30]}
14. O-O {[%clk 1:09:49]} b5 {[%clk 1:06:17]} 15. dxc5 {[%clk 1:03:29]} Nxc5
{[%clk 1:04:42]} 16. Rad1 {[%clk 1:01:30]} Bb7 {[%clk 0:55:14]} 17. Bxf6
{[%clk 0:55:19]} Bxf6 {[%clk 0:55:26]} 18. Nxd5 {[%clk 0:53:27]} Bxd5
{[%clk 0:51:41]} 19. Bh7+ {[%clk 0:30:34]} Kh8 {[%clk 0:51:46]} 20. Nf4
{[%clk 0:29:59]} Na4 {[%clk 0:46:26]} 21. Nxd5 {[%clk 0:16:22]} Nxb2
{[%clk 0:44:23]} 22. Nc7 {[%clk 0:15:33]} Nxd1 {[%clk 0:44:32]} 23. Rxd1
{[%clk 0:16:01]} Qe7 {[%clk 0:44:11]} 24. Nxa8 {[%clk 0:16:23]} Qxe3+
{[%clk 0:42:22]} 25. Qf2 {[%clk 0:16:36]} Qxf2+ {[%clk 0:39:34]} 26. Kxf2
{[%clk 0:17:03]} Kxh7 {[%clk 0:39:50]} 27. Nb6 {[%clk 0:16:45]} Be7
{[%clk 0:37:15]} 28. Nd5 {[%clk 0:15:43]} Bc5+ {[%clk 0:37:40]} 29. Kf1
{[%clk 0:16:08]} Re6 {[%clk 0:29:02]} 30. Rc1 {[%clk 0:13:01]} Ba3
{[%clk 0:28:17]} 31. Rc3 {[%clk 0:11:51]} b4 {[%clk 0:24:20]} 32. Rc4
{[%clk 0:10:57]} a5 {[%clk 0:24:43]} 33. Nc7 {[%clk 0:08:28]} Re3
{[%clk 0:15:09]} 34. Nb5 {[%clk 0:08:22]} Bb2 {[%clk 0:15:21]} 35. Kf2
{[%clk 0:08:26]} Re5 {[%clk 0:14:26]} 36. Nd4 {[%clk 0:05:00]} Rc5
{[%clk 0:14:28]} 0-1

[Event "8e Open de Porticcio"]
[Site "?"]
[Date "2023.07.05"]
[Round "7.9"]
[White "Navrotescu, Andreea"]
[Black "Hunt, Harriet V"]
[Result "1-0"]
[BlackElo "2338"]
[WhiteElo "2214"]
[LiveChessVersion "1.4.6"]

1. d4 Nf6 2. c4 e6 3. Nc3 Bb4 4. f3 c5 5. d5 d6 6. e4 b5 7. Nge2 O-O 8. Nf4 e5 9.
Nfe2 bxc4 10. Ng3 Nbd7 11. Bxc4 Nb6 12. Be2 c4 13. O-O Re8 14. Kh1 Nfd7 15. f4
exf4 16. Rxf4 Ne5 17. Qf1 Bc5 18. Nd1 Rb8 19. Ne3 Bd7 20. Nef5 Bxf5 21. Nxf5 Rb7
22. Qe1 Ng6 23. Qg3 Nxd5 24. Rg4 Nf6 25. Bg5 Nxg4 26. Qxg4 Qb6 27. Bxc4 Ne5 28.
Qg3 Qxb2 29. Bc1 Ng4 30. Bxb2 Nf2+ 31. Qxf2 Bxf2 32. Nxd6 Rxb2 33. Nxe8 Bc5 34.
Nc7 Rc2 35. Bb3 Rf2 36. Rd1 h5 37. e5 Kh7 38. e6 fxe6 39. Nxe6 Be3 40. h4 Bd2 41.
Ng5+ Bxg5 42. hxg5 a5 43. Rd6 a4 44. Bd1 Rf4 45. Bc2+ Kg8 46. g6 Kf8 47. Rd7 Rb4
48. Bf5 a3 49. Be6 Rb8 50. Rd3 Ra8 51. Bd5 Ra5 52. Bf7 1-0

[Event "8e Open de Porticcio"]
[Site "?"]
[Date "2023.07.06"]
[Round "8.1"]
[White "Carnicelli, Valerio"]
[Black "Peng, Li Min"]
[Result "0-1"]
[BlackElo "2535"]
[WhiteElo "2344"]
[LiveChessVersion "1.4.6"]

1. e4 {[%clk 1:30:57]} d6 {[%clk 1:21:01]} 2. d4 {[%clk 1:31:23]} Nf6
{[%clk 1:21:23]} 3. Nc3 {[%clk 1:31:48]} e5 {[%clk 1:20:48]} 4. Nf3
{[%clk 1:32:13]} Nbd7 {[%clk 1:21:07]} 5. Bc4 {[%clk 1:32:35]} Be7
{[%clk 1:21:29]} 6. O-O {[%clk 1:33:00]} O-O {[%clk 1:21:08]} 7. h3
{[%clk 1:33:23]} c6 {[%clk 1:21:24]} 8. a4 {[%clk 1:33:49]} b6 {[%clk 1:20:04]}
9. Qe2 {[%clk 1:34:11]} Qc7 {[%clk 1:19:36]} 10. Rd1 {[%clk 1:33:30]} a6
{[%clk 1:14:08]} 11. Be3 {[%clk 1:23:32]} Bb7 {[%clk 1:07:36]} 12. dxe5
{[%clk 1:20:28]} dxe5 {[%clk 1:07:28]} 13. Nh4 {[%clk 1:08:23]} b5
{[%clk 0:52:39]} 14. Nf5 {[%clk 1:07:05]} Bb4 {[%clk 0:49:28]} 15. Bb3
{[%clk 1:00:18]} g6 {[%clk 0:49:23]} 16. Nh6+ {[%clk 0:56:44]} Kg7
{[%clk 0:49:14]} 17. Ng4 {[%clk 0:52:27]} Nxg4 {[%clk 0:47:57]} 18. Qxg4
{[%clk 0:49:18]} Nf6 {[%clk 0:46:48]} 19. Qh4 {[%clk 0:40:42]} Nh5
{[%clk 0:46:45]} 20. Ne2 {[%clk 0:39:54]} Be7 {[%clk 0:45:27]} 21. Bb6
{[%clk 0:30:02]} Qxb6 {[%clk 0:44:39]} 22. Qxe7 {[%clk 0:30:29]} Rae8
{[%clk 0:45:03]} 23. Qd6 {[%clk 0:29:34]} Nf6 {[%clk 0:41:40]} 24. Ng3
{[%clk 0:25:18]} Qd8 {[%clk 0:40:01]} 25. Qc5 {[%clk 0:24:25]} Qe7
{[%clk 0:39:53]} 26. Rd6 {[%clk 0:16:26]} h5 {[%clk 0:37:25]} 27. h4
{[%clk 0:14:08]} Ng8 {[%clk 0:35:00]} 28. Rad1 {[%clk 0:12:29]} Qxh4
{[%clk 0:34:49]} 29. R1d3 {[%clk 0:05:48]} Qe7 {[%clk 0:32:22]} 30. Qb6
{[%clk 0:02:39]} Nf6 {[%clk 0:28:14]} 31. Qe3 {[%clk 0:03:07]} Ng4
{[%clk 0:27:37]} 32. Qb6 {[%clk 0:02:57]} h4 {[%clk 0:25:48]} 33. Rd7
{[%clk 0:01:40]} Qg5 {[%clk 0:26:12]} 34. Nf5+ {[%clk 0:00:36]} gxf5
{[%clk 0:26:16]} 35. Qxb7 {[%clk 0:01:05]} Re7 {[%clk 0:25:36]} 36. exf5
{[%clk 0:00:37]} Qc1+ {[%clk 0:25:57]} 0-1

[Event "8e Open de Porticcio"]
[Site "?"]
[Date "2023.07.06"]
[Round "8.2"]
[White "Nevednichy, Vladislav"]
[Black "Krasenkow, Michal"]
[Result "0-1"]
[BlackElo "2524"]
[WhiteElo "2453"]
[LiveChessVersion "1.4.6"]

1. e4 {[%clk 1:30:55]} e5 {[%clk 1:30:53]} 2. Nf3 {[%clk 1:31:11]} Nf6
{[%clk 1:31:18]} 3. Nxe5 {[%clk 1:30:46]} d6 {[%clk 1:31:43]} 4. Nd3
{[%clk 1:31:12]} Nxe4 {[%clk 1:32:08]} 5. Qe2 {[%clk 1:31:40]} Qe7
{[%clk 1:32:20]} 6. Nf4 {[%clk 1:32:03]} c6 {[%clk 1:31:00]} 7. d4
{[%clk 1:32:26]} g6 {[%clk 1:29:02]} 8. f3 {[%clk 1:26:03]} Nf6 {[%clk 1:29:09]}
9. h4 {[%clk 1:25:22]} h5 {[%clk 1:27:21]} 10. Kf2 {[%clk 1:22:08]} Qxe2+
{[%clk 1:23:06]} 11. Bxe2 {[%clk 1:22:34]} Bf5 {[%clk 1:23:31]} 12. Na3
{[%clk 1:17:50]} Nbd7 {[%clk 1:19:52]} 13. Re1 {[%clk 1:08:17]} O-O-O
{[%clk 1:19:59]} 14. Nc4 {[%clk 0:39:56]} Bxc2 {[%clk 1:16:57]} 15. Nh3
{[%clk 0:39:47]} Nb6 {[%clk 1:13:27]} 16. Ng5 {[%clk 0:31:34]} Rd7
{[%clk 1:13:26]} 17. Ne3 {[%clk 0:31:35]} Ba4 {[%clk 1:13:38]} 18. b3
{[%clk 0:28:09]} Bb5 {[%clk 1:13:52]} 19. Bxb5 {[%clk 0:28:15]} cxb5
{[%clk 1:14:16]} 20. a4 {[%clk 0:28:34]} bxa4 {[%clk 1:11:39]} 21. bxa4
{[%clk 0:28:58]} Bg7 {[%clk 1:11:15]} 22. a5 {[%clk 0:28:49]} Nbd5
{[%clk 1:11:26]} 23. Nc4 {[%clk 0:28:48]} Ne8 {[%clk 1:03:08]} 24. Bb2
{[%clk 0:25:04]} Kb8 {[%clk 1:02:37]} 25. Kg3 {[%clk 0:18:49]} Nec7
{[%clk 0:57:23]} 26. Re2 {[%clk 0:13:46]} Nb5 {[%clk 0:57:12]} 27. Rae1
{[%clk 0:14:03]} Nxd4 {[%clk 0:52:19]} 28. Rd2 {[%clk 0:09:12]} Nf5+
{[%clk 0:52:08]} 29. Kh2 {[%clk 0:08:56]} Bxb2 {[%clk 0:51:55]} 30. Nxb2
{[%clk 0:07:56]} Nf6 {[%clk 0:51:00]} 31. Kh3 {[%clk 0:05:27]} Rc8
{[%clk 0:49:49]} 32. Nd3 {[%clk 0:05:09]} Rc4 {[%clk 0:48:51]} 33. g3
{[%clk 0:04:59]} Rd4 {[%clk 0:44:30]} 34. Ree2 {[%clk 0:03:51]} Re7
{[%clk 0:32:54]} 35. Rxe7 {[%clk 0:01:33]} Nxe7 {[%clk 0:33:20]} 36. Re2
{[%clk 0:01:46]} Nfd5 {[%clk 0:28:25]} 37. Nf2 {[%clk 0:01:57]} f6
{[%clk 0:28:40]} 38. Nh7 {[%clk 0:02:07]} f5 {[%clk 0:28:39]} 39. Re6
{[%clk 0:01:15]} Rd2 {[%clk 0:28:20]} 40. Kg2 {[%clk 0:00:47]} f4
{[%clk 0:27:45]} 41. g4 {[%clk 0:01:13]} Nc6 {[%clk 0:27:07]} 42. Ng5
{[%clk 0:00:58]} Ne5 {[%clk 0:18:19]} 43. Nge4 {[%clk 0:00:39]} Ne3+
{[%clk 0:18:42]} 44. Kh3 {[%clk 0:01:05]} Re2 {[%clk 0:18:27]} 45. Rxd6
{[%clk 0:01:14]} Nxf3 {[%clk 0:18:32]} 46. Rxg6 {[%clk 0:00:40]} hxg4+ 47. Rxg4
{[%clk 0:01:04]} Nxg4 {[%clk 0:16:20]} 48. Kxg4 {[%clk 0:01:33]} Nd2
{[%clk 0:16:25]} 49. Kxf4 {[%clk 0:01:58]} Nxe4 {[%clk 0:16:25]} 50. Nxe4
{[%clk 0:02:24]} Ra2 {[%clk 0:11:36]} 51. h5 {[%clk 0:02:44]} Rxa5
{[%clk 0:12:05]} 52. Nf6 {[%clk 0:02:18]} Ra1 {[%clk 0:12:22]} 53. h6
{[%clk 0:02:42]} Rh1 {[%clk 0:12:39]} 54. Kg5 {[%clk 0:02:53]} a5
{[%clk 0:12:39]} 55. h7 {[%clk 0:01:45]} Rxh7 {[%clk 0:12:53]} 56. Nxh7
{[%clk 0:02:14]} a4 {[%clk 0:13:04]} 57. Nf6 {[%clk 0:02:39]} a3 {[%clk 0:13:22]}
58. Nd7+ {[%clk 0:03:04]} Kc7 {[%clk 0:13:39]} 59. Nc5 {[%clk 0:03:33]} a2
{[%clk 0:11:53]} 60. Nb3 {[%clk 0:04:00]} Kc6 {[%clk 0:12:15]} 61. Kf4
{[%clk 0:04:24]} Kd5 {[%clk 0:12:39]} 62. Ke3 {[%clk 0:04:46]} Kc4
{[%clk 0:13:07]} 63. Na1 {[%clk 0:05:05]} Kc3 {[%clk 0:13:28]} 64. Kd4+ 0-1